| 000 | 00618nam a22001937a 4500 | ||
|---|---|---|---|
| 003 | OSt | ||
| 005 | 20260508050235.0 | ||
| 008 | 260430b |||||||| |||| 00| 0 eng d | ||
| 020 | _a978-971-48-0854 | ||
| 040 |
_aDWCL-Main Lib _cOC |
||
| 082 | _aFil. 530 Ar674 2008 | ||
| 100 | _aArciaga, Marko E. | ||
| 245 |
_aExploring science and technology IV : _bphysics / _cArciaga, Marko E. |
||
| 260 |
_aMakati City : _b DIWA Scholastic Press, _cc2008. |
||
| 300 |
_a522 p : _bill. ; _c26 cm. |
||
| 504 | _aIncludes bibliography. | ||
| 650 | _aPhysics - Study and teaching (Secondary). | ||
| 942 |
_2ddc _cBK - FIL _mFil. _n0 |
||
| 999 |
_c10145 _d10145 |
||